| 000 | 03216cam a2200373 i 4500 | ||
|---|---|---|---|
| 001 | 18698467 | ||
| 003 | EG-ScBUE | ||
| 005 | 20240227142544.0 | ||
| 008 | 150714s2015 enka f b f001 0 eng d | ||
| 020 | _a9780199660070 | ||
| 040 |
_aYDXCP _beng _erda _cYDXCP _dBTCTA _dBDX _dOCLCQ _dCOO _dOCLCO _dOKU _dEYM _dOCLCF _dCUT _dMUU _dOCLCO _dDLC _dEG-ScBUE |
||
| 043 | _ama----- | ||
| 082 | 0 | 4 |
_a909.0974927 _222 _bBRO |
| 100 | 1 |
_aBrownlee, Jason, _d1974- _eauthor. _939696 |
|
| 245 | 1 | 4 |
_aThe Arab Spring : _bpathways of repression and reform / _cJason Brownlee, Tarek Masoud and Andrew Reynolds. |
| 250 | _aFirst edition. | ||
| 264 | 1 |
_aOxford : _bOxford University Press, _c2015. |
|
| 300 |
_axiii, 324 pages : _billustrations ; _c24 cm |
||
| 336 |
_2rdacontent _atext _btxt |
||
| 337 |
_aunmediated _2rdamedia _bn |
||
| 338 |
_avolume _bnc _2rdacarrier |
||
| 504 | _aIncludes bibliographical references and index. | ||
| 505 | 0 | _aTheorizing the Arab Spring -- Lineages of repression -- Breakdowns and crackdowns -- Post-breakdown trajectories -- Why breakdowns did not always produce transitions -- Limits and legacies of the Arab Spring. | |
| 520 | 8 | _aSeveral years after the Arab Spring began, democracy remains elusive in the Middle East. The Arab Spring that resides in the popular imagination is one in which a wave of mass mobilization swept the broader Middle East, toppled dictators, and cleared the way for democracy. The reality is that few Arab countries have experienced anything of the sort. While Tunisia made progress towards some type of constitutionally entrenched participatory rule, the other countries that overthrew their rulers - Egypt, Yemen, and Libya - remain mired in authoritarianism and instability. Elsewhere in the Arab world uprisings were suppressed, subsided or never materialized. The Arab Spring's modest harvest cries out for explanation. Why did regime change take place in only four Arab countries and why has democratic change proved so elusive in the countries that made attempts? This book attempts to answer those questions. First, by accounting for the full range of variance: from the absence or failure of uprisings in such places as Algeria and Saudi Arabia at one end to Tunisia's rocky but hopeful transition at the other. Second, by examining the deep historical and structure variables that determined the balance of power between incumbents and opposition. Brownlee, Masoud and Reynolds find that the success of a domestic campaign to oust the ruler was preconditioned by two variables: oil wealth and the precedent of hereditary succession. When rulers were ousted, the balance of power at the time of transition goes far in predicting the character of new constitutional provisions and the trajectory of democratization writ large. | |
| 650 | 7 |
_aArab Spring, 2010- _2BUEsh _938992 |
|
| 650 | 7 |
_aRevolutions _zArab countries _xHistory _y21st century. _2BUEsh |
|
| 650 | 7 |
_aDemocratization _zArab countries _xHistory _y21st century. _2BUEsh |
|
| 651 | 7 |
_aArab countries _xPolitics and government. _2BUEsh |
|
| 653 |
_bBUSBOL _cMarch2016 |
||
| 655 | _vReading book | ||
| 700 | 1 |
_aMasoud, Tarek E., _eauthor. |
|
| 700 | 1 |
_aReynolds, Andrew, _d1967- _eauthor. |
|
| 942 |
_2ddc _cBB |
||
| 999 |
_c21525 _d21497 |
||